[Event "British Chess Championships 2009"]
[Site "Torquay ENG"]
[Date "2009.08.01"]
[Round "6.20"]
[White "Shaw, Peter"]
[Black "White, Michael J R"]
[Result "1/2-1/2"]
[WhiteElo "2123"]
[BlackElo "2259"]
[PlyCount "136"]
[EventDate "2009.07.27"]
[EventType "swiss"]
[EventRounds "11"]
[EventCountry "ENG"]
[Source "lmi"]
[SourceDate "2009.07.27"]

1. d4 Nf6 2. c4 g6 3. Nc3 Bg7 4. e4 d6 5. Nf3 O-O 6. Be2 Nbd7 7. Be3 Ng4 8. Bg5
h6 9. Bh4 c5 10. d5 g5 11. Bg3 Qa5 12. Qd2 Nge5 13. O-O Nxf3+ 14. Bxf3 Ne5 15.
Be2 Qb4 16. Nb1 Nd7 17. Nc3 Nb6 18. Qd3 Qxb2 19. Rac1 f5 20. f3 f4 21. Bf2 Nd7
22. Rc2 Ne5 23. Rxb2 Nxd3 24. Bxd3 Bxc3 25. Rb3 Be5 26. Rfb1 Kf7 27. Be2 e6 28.
g4 fxg3 29. hxg3 exd5 30. exd5 b6 31. Bd3 Kg7 32. Kg2 Rf7 33. Be3 Bh3+ 34. Kf2
Bg4 35. Be4 Raf8 36. Bd2 Bxf3 37. Rxf3 Rxf3+ 38. Bxf3 g4 39. Rb3 Bd4+ 40. Kg2
gxf3+ 41. Rxf3 Re8 42. Bf4 Be5 43. Re3 h5 44. Bxe5+ Rxe5 45. Rxe5 dxe5 46. Kf3
a6 47. Ke4 b5 48. d6 Kf7 49. Kd5 bxc4 50. Kxc4 e4 51. Kxc5 e3 52. Kc6 e2 53. d7
e1=Q 54. d8=Q Qe6+ 55. Kc5 Qxa2 56. Qc7+ Kg8 57. Qb8+ Kh7 58. Qc7+ Kg6 59. Qd6+
Kg7 60. Qe5+ Kf8 61. Qb8+ Ke7 62. Qb6 Kf7 63. Qc7+ Kf6 64. Qf4+ Kg6 65. Qd6+
Kh7 66. Qc7+ Kh8 67. Qe5+ Kg8 68. Qb8+ Kg7 1/2-1/2